Introducción a la ingeniería ambiental
Furkejuvvon:
| Váldodahkki: | |
|---|---|
| Materiálatiipa: | Girji |
| Giella: | espánnjágiella |
| Almmustuhtton: |
Ciudad de México
Alfaomega
2002
|
| Ráidu: | Alfaomega, 783
|
| Fáttát: | |
| Fáddágilkorat: |
Lasit fáddágilkoriid
Eai fáddágilkorat, Lasit vuosttaš fáddágilkora!
|
MARC
| LEADER | 00000nam a2200000 a 4500 | ||
|---|---|---|---|
| 001 | UCM8441 | ||
| 003 | CL-VaPUC | ||
| 008 | 030314e20020000MX |||||||||||||||||spa|d | ||
| 082 | 0 | 4 | |a 628 |b ARE |2 21 |
| 100 | 0 | |a Arellano Díaz, Javier |e author |9 474497 | |
| 245 | 1 | 0 | |a Introducción a la ingeniería ambiental |
| 300 | |a 133 p | ||
| 942 | |c BK | ||
| 945 | |d 20030314 00:00:00 |a vberengu | ||
| 260 | |a Ciudad de México |b Alfaomega |c 2002 | ||
| 650 | 0 | |a Ingeniería ambiental |9 328689 | |
| 650 | 0 | |a Residuos sólidos |9 367336 | |
| 650 | 0 | |a Contaminación atmosférica |9 262775 | |
| 650 | 0 | |a Aguas residuales |9 262614 | |
| 650 | 7 | |a CONTAMINANTES |2 CL-VaPUC |9 259641 | |
| 650 | 7 | |a TRATAMIENTO DE LAS AGUAS RESIDUALES |2 CL-VaPUC |9 474498 | |
| 583 | |a last modification |c 20030314 00:00:00 |k Rodrigo Vera | ||
| 490 | 0 | |a Alfaomega, 783 | |
| 999 | |c 302950 |d 302948 | ||
| 952 | |0 0 |1 0 |4 0 |6 628_000000000000000_ARE_2002 |7 0 |8 A |9 363801 |a BIBMEC |b BIBMEC |d 2019-11-21 |i 388323K |o 628 ARE 2002 |p 388323K |r 2024-01-19 |w 2019-11-21 |y BK |k MEC | ||